000 00805nam a2200205 a 4500
001 BRCA_2095
005 20190320203652.0
008 110808s1990----mx-a---###---#000-0#spa-#
050 4 _aF1391.P8
_b.L43 37
_c1990
100 1 _aMaza, Francisco de la
_d1913-1972
_9278
245 1 0 _aLa decoración simbólica de la Capilla del Rosario de Puebla
_cFrancisco de la Maza.
260 _aPuebla, México
_bGobierno del Estado de Puebla : Secretaría de Cultura : Comisión Puebla V Centenario
_c1990
300 _a44 p.
_bil.
_c21 cm.
440 0 _aLecturas Históricas de Puebla
_n37
_96362
651 4 _aPuebla (México)
_xHistoria
_9409
651 4 _aPuebla (México)
_xVida social y costumbres
_9408
651 4 _aPuebla (México)
_xEdificios, estructuras, etc.
_93182
653 0 _aVida cotidiana
942 _2lcc
_cB
999 _c1852
_d1852